00329nam a2200109Ia 4500008004100000082000800041100001300049245004000062942000600102952009600108999001500204240331s9999 xx 000 0 und d bFOR aLogo. ed 0aForeign Debt :bIs there a way out? cL 001040708LaWERCLbWERCLcSSCd2024-03-31l0o 336.3 FORp219r2024-03-31w2024-03-31yL c2675d2675